| 000 | 00720nam a22002177a 4500 | ||
|---|---|---|---|
| 005 | 20251108164341.0 | ||
| 008 | 250721s1992 xx 000 0 ara d | ||
| 082 | 1 | 4 | _a410.1/اسم |
| 100 | 1 | _aعمايرة، إسماعيل أحمد | |
| 245 | 1 | 0 | _aالمستشرقون و نظرياتهم في نشأة الدراسات اللغوية العربية / |
| 250 | _aط2. | ||
| 264 | 1 |
_aعمان : _bدار حنين للنشر والتوزيع، _c1992. |
|
| 300 | _a111ص | ||
| 490 | 0 | _aدراسات لغوية ؛ 3 | |
| 650 | 1 | 7 | _aاللغة العربية |
| 650 | 1 | 7 | _aالفلسفة |
| 650 | 1 | 7 | _aالنظريات |
| 650 | 1 | 7 | _aالإستشراق و المستشرقون |
| 942 |
_2ddc _cBK |
||
| 999 |
_c9997 _d9997 |
||